000 00792cam a2200229 a 4500
999 _c233214
_d233214
001 708513
003 Nust
005 20170305113309.0
008 970501s1997 nyu 000 1 eng
010 _a 97019118
020 _a9780571192229
_c$22.00 ($30.00 Can.)
040 _aDLC
_cDLC
_dDLC
050 0 0 _aPR6061.U68
_bL66 1997
082 0 0 _a823.914
_bKUR
100 1 _aKureishi, Hanif.
245 1 0 _aLove in a blue time /
_cHanif Kureishi.
260 _aNew York :
_bScribner,
_c1997.
300 _a212 p. ;
_c23 cm.
906 _a7
_bcbc
_corignew
_d1
_eocip
_f19
_gy-gencatlg
942 _2ddc
_cBK